[Event "Schwarzach A"]
[Site "?"]
[Date "1997.08.30"]
[Round "8.13"]
[White "Mojzis, Jaroslav"]
[Black "Stoeckl, Norbert"]
[Result "1-0"]
[WhiteElo "2215"]
[BlackElo "1988"]
[PlyCount "71"]
[EventDate "1996.??.??"]

1. Nf3 Nf6 2. g3 g6 3. Bg2 c5 4. O-O Bg7 5. c4 Nc6 6. d4 cxd4 7. Nxd4 Qb6 8. e3
d6 9. Nc3 Bg4 10. f3 Be6 11. Nxe6 fxe6 12. Bh3 Kf7 13. Kh1 Ne5 14. b3 h5 15. e4
Bh6 16. Bxh6 Rxh6 17. Qd2 Rah8 18. Ne2 Nc6 19. Nf4 Nd4 20. Rad1 e5 21. Nd5 Nxd5
22. cxd5 Kg7 23. f4 Rf8 24. f5 Rf6 25. fxg6 Nf3 26. Qd3 Ng5 27. Bf5 h4 28. gxh4
Rxh4 29. Qg3 Rh5 30. Qg4 Kh6 {} 31. g7 Qd8 32. Rc1 Qg8 33. Rc3 Qxg7 34. Rg1
Qf7 35. Rcg3 Kg7 36. Qxh5 1-0

[Event "Schwarzach A"]
[Site "?"]
[Date "1997.08.30"]
[Round "8.14"]
[White "Kjeld, Matthias"]
[Black "Martin, Andreas"]
[Result "1/2-1/2"]
[WhiteElo "2100"]
[BlackElo "2215"]
[PlyCount "82"]
[EventDate "1996.??.??"]

1. d4 Nf6 2. c4 g6 3. Nf3 Bg7 4. g3 O-O 5. Bg2 d6 6. Nc3 Nc6 7. e4 Bg4 8. Be3
Nd7 9. Qd2 e5 10. d5 Bxf3 11. Bxf3 Nd4 12. Bg2 c5 13. O-O f5 14. f4 a6 15. Kh1
Rb8 16. Ne2 b5 17. cxb5 Rxb5 18. fxe5 Nxe2 19. Qxe2 Nxe5 20. exf5 gxf5 21. Rab1
Ng4 22. Bf4 Re8 23. Qc2 Qf6 24. h3 Ne5 25. Rbe1 Qg6 26. b3 Rf8 27. Re2 Rb7 28.
Ref2 Rbf7 29. a3 Rb8 30. b4 c4 31. Bxe5 Bxe5 32. g4 Rbf8 33. Qxc4 fxg4 34. Rxf7
Rxf7 35. Qxg4 Qxg4 36. hxg4 Rc7 37. Be4 Rc3 38. Rf3 Rc1+ 39. Kg2 Ra1 40. Bd3
Bb2 41. Bxa6 Rxa3 1/2-1/2

[Event "Schwarzach A"]
[Site "?"]
[Date "1997.08.30"]
[Round "8.15"]
[White "Hicker, Harald"]
[Black "Hlavnicka, Jiri"]
[Result "1-0"]
[WhiteElo "2105"]
[BlackElo "2210"]
[PlyCount "35"]
[EventDate "1996.??.??"]

1. Nf3 Nf6 2. d4 e6 3. c4 d5 4. Bg5 c6 5. Nbd2 Be7 6. e3 O-O 7. Bd3 Nbd7 8. Qc2
h6 9. h4 c5 10. O-O-O b5 11. cxd5 c4 {} 12. d6 cxd3 13. Qc6 hxg5 14. dxe7 Qxe7
15. hxg5 Nd5 16. Qxa8 N7b6 17. Qb8 Nc7 18. Rh4 1-0

[Event "Schwarzach A"]
[Site "?"]
[Date "1997.08.30"]
[Round "8.16"]
[White "Ljubic, Juro"]
[Black "Wimmer, Alfred"]
[Result "1-0"]
[WhiteElo "2175"]
[BlackElo "2070"]
[PlyCount "71"]
[EventDate "1996.??.??"]

1. e4 d5 2. exd5 Qxd5 3. Nc3 Qa5 4. d4 Nf6 5. Nf3 c6 6. a3 Bf5 7. Bd3 e6 8. O-O
Be7 9. Be3 Bg4 10. h3 Bh5 11. b4 Qc7 12. Ne4 Nbd7 13. Ng3 Bg6 14. c4 Bd6 15.
Ne2 Bh5 16. c5 Bxf3 17. gxf3 Be7 18. Bf4 Qd8 19. Bh2 Nd5 20. Ng3 Nf4 21. Ne4
Nxh3+ 22. Kg2 Ng5 23. Nd6+ Bxd6 24. Bxd6 Nf6 25. Qd2 h6 26. Rfe1 Nd5 27. f4 Nh7
28. f5 Kd7 29. b5 Qg5+ 30. Qxg5 Nxg5 31. f4 Nh7 32. bxc6+ bxc6 {} 33. Rab1 Nb6
34. fxe6+ fxe6 35. Be5 Nf6 36. cxb6 1-0

[Event "Schwarzach A"]
[Site "?"]
[Date "1997.08.30"]
[Round "8.17"]
[White "Vigh, Bela"]
[Black "Peschel, Andreas"]
[Result "1-0"]
[WhiteElo "2395"]
[BlackElo "2105"]
[PlyCount "67"]
[EventDate "1996.??.??"]

1. d4 d5 2. c4 e6 3. Nc3 c6 4. Nf3 Nf6 5. Bg5 h6 6. Bh4 g5 7. Bg3 dxc4 8. a4
Bb4 9. e3 b5 10. Nd2 a5 11. axb5 Bxc3 12. bxc3 cxb5 13. Qf3 Nd5 14. Ne4 O-O 15.
Qh5 Nf6 16. Qxh6 Nxe4 17. Be5 f6 18. Qg6+ Kh8 19. h4 g4 20. Qh6+ Kg8 21. Qg6+
Kh8 22. Qh5+ Kg8 23. Qxg4+ Kh8 24. Qxe4 Qd5 {} 25. Qg6 fxe5 26. Rh3 Qd6 27.
Qh6+ Kg8 28. Qg6+ Kh8 29. Qh6+ Kg8 30. Rg3+ Kf7 31. dxe5 Qc5 32. Be2 Ke7 33.
Rg7+ Kd8 34. Qg5+ 1-0

[Event "Schwarzach A"]
[Site "?"]
[Date "1997.08.30"]
[Round "8.18"]
[White "Riemelmoser, Oliver"]
[Black "Lehner, Erich"]
[Result "1/2-1/2"]
[WhiteElo "2230"]
[BlackElo "1908"]
[PlyCount "136"]
[EventDate "1996.??.??"]

1. Nf3 f5 2. c4 Nf6 3. g3 c5 4. Bg2 Nc6 5. d4 cxd4 6. Nxd4 e6 7. O-O Be7 8. Bf4
Nxd4 9. Qxd4 d6 10. Qd1 O-O 11. Nc3 a6 12. Rc1 e5 13. Bg5 Rb8 14. a4 Be6 15.
Bxf6 Bxf6 16. Bd5 Bxd5 17. Qxd5+ Kh8 18. Rfd1 Be7 19. c5 dxc5 20. Qxe5 Qe8 21.
e3 {} 21... Bf6 22. Qxc5 Bxc3 23. Rxc3 Qxa4 24. Rcd3 Rbc8 25. Qe7 Qe4 26. Qg5
Qf3 27. Rd7 Rg8 28. Qf4 Qxf4 29. gxf4 g5 30. fxg5 Rxg5+ 31. Kf1 b5 32. Rd8+ Rg8
33. R8d6 Rg6 34. Rxg6 hxg6 35. Rd6 Kg7 36. Rxa6 Rc2 37. h4 Kh6 38. Kg2 Rxb2 39.
Kg3 Rb1 40. Rb6 b4 41. Rb8 b3 42. Rb7 b2 43. Kf3 Rh1 44. Rxb2 Rxh4 45. Rd2 Ra4
46. Rd8 Rb4 47. Kg3 Rg4+ 48. Kh3 Re4 49. Rd3 Ra4 50. f3 g5 51. Kg3 Kg6 52. Rd6+
Kg7 53. Kf2 Rb4 54. Ke2 Ra4 55. Kd3 Ra1 56. Rb6 Rd1+ 57. Ke2 Ra1 58. e4 f4 59.
Rb3 Kg6 60. Kd3 Kh5 61. e5 Re1 62. Kd4 Kh4 63. Rb8 Kg3 64. Rg8 Kxf3 65. Rxg5
Re4+ 66. Kd5 Ke3 67. Rg4 Rd4+ 68. Kc5 Re4 1/2-1/2

[Event "Schwarzach A"]
[Site "?"]
[Date "1997.08.30"]
[Round "8.19"]
[White "Joppien, Arne"]
[Black "Besner, Bernhard"]
[Result "0-1"]
[WhiteElo "2100"]
[BlackElo "2220"]
[PlyCount "86"]
[EventDate "1996.??.??"]

1. d4 d5 2. Nf3 c5 3. c3 e6 4. Bf4 Nc6 5. e3 Nf6 6. Bd3 c4 7. Bc2 Bd6 8. Bxd6
Qxd6 9. Nbd2 b5 10. O-O Bb7 11. e4 dxe4 12. Nxe4 Nxe4 13. Bxe4 Rb8 14. Re1 Ne7
15. Ng5 Bxe4 16. Rxe4 h6 17. Qh5 O-O 18. Rh4 Nf5 19. Ne4 Qe7 20. Rh3 Rfd8 21.
Re1 Rd5 22. Qf3 Nd6 23. Ng3 Qg5 24. Re3 Qg6 25. Re1 b4 26. Nh5 Qf5 27. Nf4 Rdb5
28. Rh5 {} 28... g5 29. g3 bxc3 30. bxc3 Rb1 31. Rxb1 Qxb1+ 32. Kg2 gxf4 33.
Re5 fxg3 34. hxg3 Rb5 35. Qf6 Rxe5 36. dxe5 Qe4+ 37. f3 Qe2+ 38. Kh3 Nf5 39.
Kg4 Qh2 40. Qd8+ Kh7 41. Kf4 Qxg3+ 42. Ke4 Qe1+ 43. Kf4 h5 0-1

[Event "Schwarzach A"]
[Site "?"]
[Date "1997.08.30"]
[Round "8.20"]
[White "Haeusler, Kurt"]
[Black "Koller, Hubert"]
[Result "1/2-1/2"]
[WhiteElo "1967"]
[BlackElo "2160"]
[PlyCount "116"]
[EventDate "1996.??.??"]

1. e4 c5 2. Nc3 Nc6 3. g3 g6 4. Bg2 Bg7 5. d3 e6 6. Be3 d6 7. Qd2 Qa5 8. Nf3
Nd4 9. O-O Ne7 10. Bh6 Nxf3+ 11. Bxf3 O-O 12. h4 Bd7 13. h5 Bc6 14. hxg6 Nxg6
15. Bxg7 Kxg7 16. Kg2 h6 17. Rh1 Rh8 18. Rh5 Rh7 19. Rah1 Rah8 20. d4 e5 21.
dxc5 dxc5 22. Rd1 Re8 23. a3 Qb6 24. b3 Qa5 25. a4 Qb4 26. Qe3 Rhh8 27. Be2 Re6
28. Bc4 Rf6 29. Rdh1 Ne7 {} 30. Rxe5 Nf5 31. Qd3 Nd4 32. f4 Rg6 33. Nd5 Bxd5
34. Bxd5 Qb6 35. Rhh5 Qd6 36. Bxb7 Qc7 37. Rxc5 Qxb7 38. Qxd4+ Kh7 39. Qc4 Rhg8
40. Rh3 Qd7 41. Qd3 Qe7 42. Rd5 Qb4 43. Kf2 Rc8 44. Rb5 Qe7 45. c4 Rd8 46. Rd5
Rb8 47. c5 Rb4 48. e5 Qf8 49. Rd6 Qc8 50. Rh1 Qxc5+ 51. Ke2 Rb7 52. Rxg6 fxg6
53. Rb1 Qc6 54. Kf2 Rd7 55. Qc4 Rd2+ 56. Ke3 Qg2 57. Qf1 Qd5 58. Qc4 Qg2
1/2-1/2

[Event "Schwarzach A"]
[Site "?"]
[Date "1997.08.31"]
[Round "9.1"]
[White "Klovans, Janis"]
[Black "Hecht, Hans Joachim"]
[Result "1/2-1/2"]
[WhiteElo "2465"]
[BlackElo "2405"]
[PlyCount "31"]
[EventDate "1996.??.??"]

1. e4 e6 2. d4 d5 3. Nc3 Nc6 4. Nf3 Nf6 5. Bd3 Bb4 6. e5 Ne4 7. Bd2 Nxd2 8.
Qxd2 Bd7 9. a3 Bxc3 10. Qxc3 f6 11. exf6 gxf6 12. O-O-O Qe7 13. Rhe1 O-O-O 14.
Bb5 Nb8 15. Bxd7+ Qxd7 16. Re2 {} 1/2-1/2

[Event "Schwarzach A"]
[Site "?"]
[Date "1997.08.31"]
[Round "9.2"]
[White "Burmakin, Vladimir"]
[Black "Beim, Valery"]
[Result "1-0"]
[WhiteElo "2550"]
[BlackElo "2535"]
[PlyCount "128"]
[EventDate "1996.??.??"]

1. d4 d6 2. g3 g6 3. Bg2 Bg7 4. Nf3 f5 5. O-O Nf6 6. c4 O-O 7. Nc3 c6 8. d5 e5
9. dxe6 Bxe6 10. b3 Na6 11. Rb1 Qe7 12. Ng5 Nc5 13. Qc2 Rad8 14. Nxe6 Qxe6 15.
Bb2 Rfe8 16. Rbd1 Nfe4 17. Nxe4 Nxe4 18. Bxg7 Kxg7 19. Rd4 Qf6 20. Rfd1 Ng5 21.
b4 a6 22. a4 Nf7 23. a5 Re5 24. e3 Rc8 25. Rb1 Rc7 26. h3 Qe7 27. Qc3 Kg8 28.
Qd3 Qe8 29. Qc3 Kf8 30. Rd3 Kg8 31. Qd4 Kf8 32. Qb6 Rce7 33. Kh2 Kg7 34. Rdb3
Qd8 35. Qd4 Kf8 36. Qd2 Qe8 {} 37. b5 cxb5 38. cxb5 axb5 39. Qd3 b4 40. Rxb4
Rc5 41. Rxb7 Rxb7 42. Rxb7 Re5 43. Bd5 Re7 44. Bxf7 Kxf7 45. Qxd6 Rxb7 46. Qd5+
Kg7 47. Qxb7+ Kh6 48. Qd5 Qe7 49. Kg2 Qc7 50. Qd4 Qc6+ 51. Kh2 Qc2 52. Qf4+ Kg7
53. g4 fxg4 54. hxg4 h6 55. Qd4+ Kf7 56. Qd7+ Kf6 57. Qd6+ Kf7 58. Qd5+ Kf6 59.
Kg2 Qc8 60. Qd4+ Kf7 61. Qf4+ Kg7 62. e4 Qc5 63. e5 Qc6+ 64. Kh2 Qe6 {
Weitere Zuege konnten nicht rekonstruiert werden. 1:0 im 83. Zug.} 1-0

[Event "Schwarzach A"]
[Site "?"]
[Date "1997.08.31"]
[Round "9.3"]
[White "Shaked, Tal"]
[Black "Hresc, Vladimir"]
[Result "1/2-1/2"]
[WhiteElo "2500"]
[BlackElo "2425"]
[PlyCount "45"]
[EventDate "1996.??.??"]

1. d4 Nf6 2. c4 e6 3. Nc3 d5 4. cxd5 exd5 5. Bg5 c6 6. e3 Be6 7. Bd3 Be7 8. Qc2
Nbd7 9. Nge2 Nh5 10. Bxe7 Qxe7 11. h3 g6 12. g4 Ng7 13. O-O-O f5 14. Nf4 Rf8
15. Kb1 Qd6 16. Rc1 Nf6 17. f3 Bd7 18. Be2 Ne6 19. Nd3 f4 20. Qd2 fxe3 21. Qxe3
Kf7 22. f4 Kg8 23. h4 1/2-1/2

[Event "Schwarzach A"]
[Site "?"]
[Date "1997.08.31"]
[Round "9.4"]
[White "Zoler, Dan"]
[Black "Jusic, Zdenko"]
[Result "1-0"]
[WhiteElo "2465"]
[BlackElo "2370"]
[PlyCount "101"]
[EventDate "1996.??.??"]

1. d4 Nf6 2. c4 d6 3. Nf3 g6 4. Nc3 Bg7 5. Bg5 O-O 6. e3 h6 7. Bh4 c6 8. Be2 a6
9. O-O Bf5 10. Nd2 e5 11. Qb3 g5 12. Bg3 exd4 13. exd4 Ne8 14. Qxb7 Bxd4 15.
Nf3 Ra7 16. Qb3 Bg7 17. Rad1 Qc8 18. c5 Rb7 19. Qa3 dxc5 20. Qxc5 Rxb2 21. Nd4
Bh7 22. Nd5 Qb7 23. Ne7+ Kh8 24. Bf3 Nd7 25. Qa3 Nef6 26. Bxc6 Qb4 27. Qxb4
Rxb4 28. Ndf5 Bxf5 29. Nxf5 Nc5 30. Bd6 Rc8 31. Ne7 Rxc6 32. Nxc6 Rb5 33. Rb1
Nce4 34. Rxb5 axb5 35. Be5 Nd5 36. Bxg7+ Kxg7 37. a3 Nb6 38. Nd4 Nd6 39. Rb1
Nbc4 40. Rb3 Kf6 41. f3 h5 42. Nxb5 Nxb5 43. Rxb5 Nxa3 44. Rc5 Nb1 45. Kf2 Nd2
46. Ke3 Nf1+ 47. Ke2 Nxh2 48. Kf2 g4 49. Rxh5 g3+ 50. Kg1 Kg6 51. Rh3 {} 1-0

[Event "Schwarzach A"]
[Site "?"]
[Date "1997.08.31"]
[Round "9.5"]
[White "Hardicsay, Peter"]
[Black "Podlesnik, Bogdan"]
[Result "0-1"]
[WhiteElo "2355"]
[BlackElo "2425"]
[PlyCount "94"]
[EventDate "1996.??.??"]

1. c4 Nf6 2. Nf3 c5 3. Nc3 e6 4. e3 b6 5. d4 cxd4 6. exd4 Bb7 7. Bd3 d5 8. Bg5
Be7 9. O-O O-O 10. Qe2 dxc4 11. Bxc4 Nc6 12. Rfd1 Nb4 13. Ne5 Nfd5 14. Bc1 Rc8
15. Ne4 Nf6 16. Ng5 Bd5 17. b3 h6 18. Nh3 Ne4 19. Qh5 b5 20. Bd3 Nxd3 21. Rxd3
Rc3 22. Rxc3 Nxc3 23. Nf4 Bf6 24. Qg4 Be4 25. Nh5 Bg5 26. Ba3 f5 27. Qh3 Ne2+
28. Kh1 Re8 29. Bc5 Bf4 30. Re1 {} 30... Bxe5 31. dxe5 Qd2 32. Rf1 Rd8 33.
Nf6+ gxf6 34. f3 Qd1 35. Rg1 Nxg1 36. Bxg1 Qc1 37. fxe4 Rd1 38. Qg3+ Kf7 39.
Qf2 Rxg1+ 40. Qxg1 Qxg1+ 41. Kxg1 fxe5 42. exf5 exf5 43. Kf2 Ke6 44. Ke3 Kd5
45. g3 b4 46. Kd3 e4+ 47. Ke3 Ke5 0-1

[Event "Schwarzach A"]
[Site "?"]
[Date "1997.08.31"]
[Round "9.7"]
[White "Balinov, Ilija"]
[Black "Kniest, Oliver"]
[Result "1/2-1/2"]
[WhiteElo "2560"]
[BlackElo "2240"]
[PlyCount "118"]
[EventDate "1996.??.??"]

1. e4 e5 2. Nf3 Nc6 3. d4 exd4 4. Nxd4 Bc5 5. Nxc6 Qf6 6. Qd2 dxc6 7. Nc3 Be6
8. Na4 Rd8 9. Bd3 Bd4 10. O-O Ne7 11. c3 b5 12. cxd4 Qxd4 13. Qc2 Qxa4 14. Qxa4
bxa4 15. Bc2 Bc4 16. Rd1 Bb5 17. Be3 Nc8 18. Rxd8+ Kxd8 19. Rd1+ Ke8 20. e5 Nb6
21. b3 axb3 22. Bxb3 h6 23. f4 Ba4 24. Bxa4 Nxa4 25. Bxa7 Ke7 26. Rc1 Ra8 27.
Bd4 c5 28. Be3 Ke6 29. Kf2 Nb2 30. Kf3 Ra3 31. g4 Nd3 32. Rd1 {} 32... g5 33.
fxg5 Nxe5+ 34. Ke2 Rxa2+ 35. Rd2 Rxd2+ 36. Bxd2 hxg5 37. Bxg5 Nxg4 38. h4 f6
39. Bf4 Ne5 40. Be3 c4 41. h5 Kf5 42. Kd2 Ng4 43. h6 Kg6 44. Bf4 c6 45. Kc3
Nxh6 46. Kxc4 Nf7 47. Kc5 Ne5 48. Kd6 Kf5 49. Bg3 Ke4 50. Ke6 Ng4 51. Kd6 Ne5
52. Ke6 Nd7 53. Kxd7 c5 54. Kd6 c4 55. Be1 f5 56. Kc5 Kd3 57. Bg3 c3 58. Kd5
Ke3 59. Ke5 c2 1/2-1/2

[Event "Schwarzach A"]
[Site "?"]
[Date "1997.08.31"]
[Round "9.10"]
[White "Mojzis, Jaroslav"]
[Black "Staller, Peter"]
[Result "1/2-1/2"]
[WhiteElo "2215"]
[BlackElo "2345"]
[PlyCount "45"]
[EventDate "1996.??.??"]

1. Nf3 Nf6 2. g3 d5 3. Bg2 g6 4. b3 Bg7 5. Bb2 O-O 6. c4 c6 7. O-O Re8 8. Qc2
Bg4 9. d3 Bxf3 10. Bxf3 e6 11. b4 Nbd7 12. Nd2 Qe7 13. Qb3 a5 14. bxa5 Rxa5 15.
Qxb7 Rb8 16. Qc7 Raa8 17. Bxf6 Bxf6 18. Rab1 Rc8 19. Qb7 Rab8 20. Qa7 Ra8 21.
Qb7 Rab8 22. Qa7 Ra8 23. Qb7 1/2-1/2

[Event "Schwarzach A"]
[Site "?"]
[Date "1997.08.31"]
[Round "9.11"]
[White "Severgin, Valentin"]
[Black "Hicker, Harald"]
[Result "1-0"]
[WhiteElo "2260"]
[BlackElo "2105"]
[PlyCount "109"]
[EventDate "1996.??.??"]

1. e4 e5 2. Nf3 Nc6 3. Bc4 Be7 4. d3 Nf6 5. Nbd2 d6 6. c3 O-O 7. h3 a6 8. Bb3
Na5 9. Bc2 c5 10. O-O b5 11. Re1 Qc7 12. Nf1 Bb7 13. Ng3 g6 14. Bd2 Rfc8 15.
Rc1 Nc6 16. Nh2 Nd8 17. Ng4 Nxg4 18. Qxg4 Ne6 19. h4 Qd8 20. Nf5 Kh8 21. Nh6
Qe8 22. g3 Bf8 23. h5 Rc7 24. hxg6 fxg6 25. Rcd1 Bc8 26. Qf3 Bxh6 27. Bxh6 Rf7
28. Qe3 Qe7 29. Bb3 Bd7 30. Rd2 Rg8 31. f4 exf4 32. gxf4 c4 33. dxc4 {} 33...
Nc5 34. Qd4+ Qf6 35. Qxf6+ Rxf6 36. Bg5 Re6 37. cxb5 Nxb3 38. axb3 axb5 39. e5
Rge8 40. Red1 Kg7 41. Rxd6 Rxd6 42. Rxd6 Be6 43. Rb6 Bxb3 44. Rxb5 Bf7 45. Rb7
Kg8 46. Kf2 Ra8 47. Ke3 Bd5 48. Rd7 Be6 49. Re7 Bf5 50. Bf6 h5 51. b4 Ra1 52.
b5 Rb1 53. c4 Rb3+ 54. Kd4 Rd3+ 55. Kc5 1-0

[Event "Schwarzach A"]
[Site "?"]
[Date "1997.08.31"]
[Round "9.12"]
[White "Schiner, Hartmut"]
[Black "Vigh, Bela"]
[Result "0-1"]
[WhiteElo "2150"]
[BlackElo "2395"]
[PlyCount "112"]
[EventDate "1996.??.??"]

1. d4 Nf6 2. Bg5 e6 3. Nf3 d5 4. e3 c5 5. Nbd2 Nc6 6. c3 Qb6 7. Rb1 Bd6 8. Bd3
h6 9. Bh4 cxd4 10. exd4 Nh5 11. Bg3 Nxg3 12. hxg3 Qc7 13. O-O O-O 14. Re1 Bd7
15. Nf1 a6 16. Bc2 Rac8 17. Qd3 f5 18. a3 Na5 19. Ne5 Bxe5 20. Rxe5 Nc4 21.
Ree1 Nd6 22. Qe2 Rf6 23. Bd3 Bb5 24. Nd2 Bxd3 25. Qxd3 b5 26. Qe2 Ne4 27. Nxe4
fxe4 28. Rbc1 Rcf8 29. Rf1 Qc4 30. Qd2 a5 31. Rb1 Rc8 32. Rfc1 Qb3 33. Ra1 Rf7
34. Rab1 Rfc7 35. Ra1 Rc4 36. Rab1 Kh7 37. Ra1 {} 37... b4 38. axb4 axb4 39.
cxb4 Rc2 40. Rxc2 Rxc2 41. Qe1 Rxb2 42. Rd1 Qc4 43. Qe3 Rxb4 44. Kh2 Rb3 45.
Qe1 Rb2 46. Kg1 Qc2 47. Ra1 Qd2 48. Qe3 Qb4 49. Rd1 Rb1 50. Qe2 Rb3 51. Rd2 Qc3
52. g4 e3 53. Rd1 exf2+ 54. Qxf2 Rb2 55. Qe1 Qc2 56. Qf1 Qe4 0-1

[Event "Schwarzach A"]
[Site "?"]
[Date "1997.08.31"]
[Round "9.13"]
[White "Benend, Andreas"]
[Black "Mandekic, Ivan"]
[Result "1/2-1/2"]
[WhiteElo "2042"]
[BlackElo "2270"]
[PlyCount "110"]
[EventDate "1996.??.??"]

1. e4 Nf6 2. Nc3 d5 3. exd5 Nxd5 4. Bc4 e6 5. Nf3 Be7 6. O-O O-O 7. d4 b6 8.
Re1 Bb7 9. Nxd5 Bxd5 10. Bxd5 Qxd5 11. Bf4 c5 12. dxc5 Qxc5 13. Ne5 f6 14. Nd7
Nxd7 15. Qxd7 e5 16. c3 Qd6 17. Rad1 Qxd7 18. Rxd7 Kf7 19. Be3 Rfd8 20. Red1
Ke6 21. Rxd8 Rxd8 22. Rxd8 Bxd8 23. c4 f5 24. Kf1 g5 25. Ke2 f4 26. Bd2 e4 27.
h3 Bf6 28. b4 Bd4 29. h4 h6 30. hxg5 hxg5 31. f3 Ke5 32. Be1 Kf5 33. a4 g4 34.
b5 exf3+ 35. gxf3 g3 36. Kf1 Ke6 37. Bb4 Kd7 38. Kg2 Be3 39. a5 bxa5 40. Bxa5
Kc8 41. Kf1 Kb7 42. Kg2 Kc8 43. Bc3 Kc7 44. Ba5+ Kd6 45. Bb4+ Ke6 46. Bc3 Bc5
47. Kf1 Kf5 48. Kg2 Ke6 49. Kf1 Kd6 50. Kg2 Kc7 51. Be5+ Bd6 52. Bd4 Kb7 53. c5
Bb8 54. c6+ Kc8 55. Bc5 Kc7 1/2-1/2

[Event "Schwarzach A"]
[Site "?"]
[Date "1997.08.31"]
[Round "9.14"]
[White "Besner, Bernhard"]
[Black "Wieser, Rupert"]
[Result "1/2-1/2"]
[WhiteElo "2220"]
[BlackElo "2140"]
[PlyCount "93"]
[EventDate "1996.??.??"]

1. e4 Nc6 2. Bc4 e6 3. Nc3 Nf6 4. d3 d5 5. Bb5 a6 6. Ba4 b5 7. exd5 exd5 8. Bb3
Bc5 9. Nge2 Be6 10. O-O Bd6 11. Nf4 O-O 12. Be3 Qd7 13. d4 Rae8 14. Qf3 Bg4 15.
Qg3 Nh5 16. Qh4 Be7 {} 17. Qxh5 Bxh5 18. Nxh5 Na5 19. Bxd5 b4 20. Bf3 bxc3 21.
b3 Bd6 22. Bh6 Qe7 23. Bxg7 Qg5 24. Rad1 f5 25. b4 Bxb4 26. Rd3 f4 27. h4 Qf5
28. g4 fxg3 29. fxg3 Rf7 30. g4 Qxd3 31. cxd3 Rxg7 32. Bd5+ Kh8 33. Nxg7 Kxg7
34. Rf7+ Kh8 35. Rxc7 Rd8 36. Be4 Rxd4 37. h5 h6 38. g5 hxg5 39. h6 Rd8 40. a3
Bd6 41. Rxc3 Be7 42. Rc7 Bxa3 43. Rh7+ Kg8 44. Rg7+ Kh8 45. Rh7+ Kg8 46. Rg7+
Kh8 47. Rh7+ 1/2-1/2

[Event "Schwarzach A"]
[Site "?"]
[Date "1997.08.31"]
[Round "9.16"]
[White "Appl, Gerhard"]
[Black "Hertel, Peter"]
[Result "1/2-1/2"]
[WhiteElo "1935"]
[BlackElo "2300"]
[PlyCount "85"]
[EventDate "1996.??.??"]

1. c4 Nf6 2. Nc3 g6 3. e4 d6 4. d4 Bg7 5. f3 O-O 6. Bg5 c5 7. d5 e6 8. Qd2 exd5
9. cxd5 a6 10. a4 Qa5 11. Ra3 Nbd7 12. Nh3 Re8 13. Be2 Rb8 14. O-O Qc7 15. Nf2
b6 16. Be3 Kh8 17. Bh6 Bxh6 18. Qxh6 c4 19. Rc1 b5 20. axb5 axb5 21. b4 Ne5 22.
Ra5 Bd7 23. Qe3 Qb6 24. Qxb6 Rxb6 25. Rca1 g5 26. Ra6 Reb8 27. g3 Kg7 28. Kg2
Ng6 29. Ra7 Kf8 30. R1a5 R8b7 31. Rxb7 Rxb7 32. Nh3 h6 33. Nf2 Ne8 34. Kf1 Nc7
35. Ke1 Ke7 36. Kd2 Kf6 37. Ke3 Ke5 38. h4 f5 39. exf5 Bxf5 40. h5 Nf8 41. f4+
gxf4+ 42. gxf4+ Kf6 43. Bg4 1/2-1/2

[Event "Schwarzach A"]
[Site "?"]
[Date "1997.08.31"]
[Round "9.17"]
[White "Moeschinger, Markus"]
[Black "Wimmer, Alfred"]
[Result "1/2-1/2"]
[WhiteElo "2255"]
[BlackElo "2070"]
[PlyCount "151"]
[EventDate "1996.??.??"]

1. c4 e6 2. Nc3 d5 3. d4 b6 4. g3 Bb7 5. Bg2 Nf6 6. Nf3 Be7 7. O-O O-O 8. Ne5
c5 9. dxc5 bxc5 10. Bg5 Na6 11. Bxf6 Bxf6 12. Ng4 Nc7 13. Nxf6+ Qxf6 14. Qb3
Rab8 15. Qa3 dxc4 16. Qxc5 Bxg2 17. Kxg2 Nd5 18. Nxd5 exd5 19. Qxd5 Qxb2 20.
Qxc4 Rfc8 21. Qg4 Qc2 22. Rfd1 Qc6+ 23. Qf3 Qxf3+ 24. Kxf3 Rb7 25. Rd4 g6 26.
Rad1 Rc2 27. R1d2 Rc3+ 28. R4d3 Rcc7 29. g4 h6 30. h4 Rc4 31. Kg3 Ra4 32. e3
Rab4 33. Rd4 R4b5 34. a4 Rb3 35. Rd7 R3b6 36. e4 Rxd7 37. Rxd7 Ra6 38. Rd4 Ra5
39. Kf4 g5+ 40. Kg3 f6 41. Rc4 Kg7 42. f3 Kg8 43. Kf2 Kf7 44. h5 Ke6 45. Ke3
Ke5 46. Rb4 Kd6 47. Kd4 Ke6 48. Rc4 Kd6 49. Kd3 Ra6 50. Ke3 Rb6 51. Rd4+ Ke6
52. Rd5 Rb3+ 53. Kf2 a6 54. Ra5 Rb6 55. Ke3 Kd6 56. Kd4 Rb4+ 57. Kc3 Rb6 58.
Kc4 Rc6+ 59. Kd4 Rb6 60. Rf5 Ke7 61. Kc4 Ke6 62. Rd5 Rb1 63. Kc5 Rb3 64. Rf5
Rb2 65. Kc4 Rb1 66. Ra5 Rb6 67. Rc5 Kd6 68. Rd5+ Ke6 69. Rd3 a5 70. Rb3 Rxb3
71. Kxb3 Ke5 72. Kc4 Kf4 73. Kb5 Kxf3 74. Kxa5 Kxg4 75. Kb4 Kh3 76. a5 {}
1/2-1/2

[Event "Schwarzach A"]
[Site "?"]
[Date "1997.08.31"]
[Round "9.18"]
[White "Hazdra, Thomas"]
[Black "Groetz, Harald"]
[Result "1-0"]
[WhiteElo "2086"]
[BlackElo "2248"]
[PlyCount "57"]
[EventDate "1996.??.??"]

1. e4 c5 2. Nf3 d6 3. c3 Nf6 4. Be2 Nbd7 5. d3 g6 6. O-O Bg7 7. Re1 O-O 8. h3
a6 9. a4 Qc7 10. Bf1 b6 11. Bg5 Bb7 12. Qc1 Rfe8 13. Bh6 Bh8 14. Qe3 Rab8 15.
Nbd2 b5 16. axb5 axb5 17. b4 cxb4 18. cxb4 Rec8 19. d4 Qc2 20. Bd3 Qc3 21. Bxb5
Qxb4 22. Reb1 {} 22... Rc1+ 23. Rxc1 Qxb5 24. Rab1 Qa6 25. Rc7 Bc6 26. Rxb8+
Nxb8 27. d5 Bxd5 28. Qa7 Qxa7 29. Rc8+ 1-0

[Event "Schwarzach A"]
[Site "?"]
[Date "1997.08.31"]
[Round "9.19"]
[White "Stoeckl, Norbert"]
[Black "Riemelmoser, Oliver"]
[Result "1-0"]
[WhiteElo "1988"]
[BlackElo "2230"]
[PlyCount "137"]
[EventDate "1996.??.??"]

1. e4 e6 2. d4 d5 3. Nd2 Nf6 4. e5 Nfd7 5. c3 c5 6. f4 b6 7. Qa4 Be7 8. Bd3 O-O
9. Nh3 f6 10. O-O Bb7 11. Nf3 f5 12. Bd2 Nc6 13. Nhg5 Bxg5 14. Nxg5 Qe8 15. Kh1
h6 16. Nf3 a6 17. Qd1 g6 18. Rg1 Kf7 19. Be1 Rg8 20. g4 Qf8 21. Rc1 Ne7 22. Bh4
fxg4 23. Bxe7 Kxe7 24. Rxg4 Qf7 25. Qc2 g5 26. f5 {} 26... exf5 27. e6 Qf6 28.
Rg2 Kxe6 29. Re1+ Kd6 30. Bxf5 Rgf8 31. Re6+ Qxe6 32. Bxe6 Kxe6 33. Re2+ Kd6
34. Ne5 Nxe5 35. dxe5+ Kc6 36. a4 Rad8 37. e6 Rd6 38. Qg6 d4 39. e7 Kd7+ 40.
Kg1 Re8 41. Qf5+ Kc7 42. cxd4 Rxd4 43. a5 Bc8 44. Qf6 Rg4+ 45. Rg2 Rxg2+ 46.
Kxg2 bxa5 47. Kf3 Kd7 48. Qxh6 Rxe7 49. Qxg5 Kd6 50. Qf6+ Be6 51. Kg3 Rb7 52.
Qd8+ Kc6 53. Qe8+ Kd6 54. Qf8+ Kc6 55. Qf6 Kd6 56. h4 Rb3+ 57. Kf4 Rb4+ 58. Ke3
Rb3+ 59. Ke4 Rb4+ 60. Kd3 Rb3+ 61. Kc2 Rh3 62. Qd8+ Ke5 63. Qg5+ Ke4 64. Qg6+
Kd5 65. h5 Rh2+ 66. Kc3 a4 67. Qd3+ Kc6 68. Qxa6+ Kd5 69. Qa8+ 1-0